000 00357nam a2200145Ia 4500
008 240624s9999 xx 000 0 und d
041 _aeng
082 _a513 BRY
100 _aBRYON MIKE
245 _aNUMERACY TEST WORKBOOK
250 _a(2nd ed.)
260 _c2011
_aNew Delhi
_bKogan Page
300 _aviii, : 227 : p. : cm. ; 21
365 _cRS
_b33.5
999 _c17957
_d17957